15 Bands on J - Statistics

General Stats
  • This quiz has been taken 16 times
  • The average score is 4 of 15
Answer Stats
Answer % Correct
Journey
60%
the Jam
60%
the Jackson 5
47%
Judas Priest
40%
Jefferson Airplane
33%
Joy Division
33%
James
27%
Jethro Tull
20%
the Jaybirds
13%
Japan
7%
the Jets
7%
the Jimi Hendrix Experience
7%
John Mayall & the Bluesbreakers
0%
the Jeff Beck Group
0%
the Julie Ruin
0%
No matching quizzes found
Score Distribution
Percent of People with Each Score
Percentile by Number Answered
Your Score History
You have not taken this quiz